[Event "IECC M email"]
[Site "IECC email"]
[Date "1999.11.05"]
[Round "?"]
[White "Copin, Jean Christophe"]
[Black "Gnuva, Luca"]
[Result "0-1"]
[WhiteElo "1015"]
[BlackElo "1200"]
[PlyCount "94"]
[EventDate "1999.??.??"]
[EventType "tourn (corr)"]
[EventRounds "6"]
[SourceTitle "Corr 2008"]
[Source "ChessBase"]
[SourceDate "2008.06.24"]
[SourceVersion "1"]
[SourceVersionDate "2008.06.24"]
[SourceQuality "1"]

1. e4 e5 2. Nf3 Nc6 3. Bb5 a6 4. Bxc6 bxc6 5. d4 exd4 6. Ne5 Bb4+ 7. c3 dxc3 8. bxc3 Bc5 9. Qh5 Qe7 10. 0-0 Nf6 11. Qxf7+ Qxf7 12. Nxf7 Kxf7 13. Be3 Nxe4 14. Nd2 Nxd2 15. Bxd2 Re8 16. Be3 d6 17. Bxc5 dxc5 18. Rad1 Bf5 19. f3 Rad8 20. Rxd8 Rxd8 21. h3 Rd3 22. Rb1 Rxf3 23. Rb7 Rxc3 24. Rxc7+ Kg8 25. Rxc6 Rc1+ 26. Kh2 Bd3 27. a4 Rc2 28. Kg3 Rxg2+ 29. Kf3 Rc2 30. Kf4 h6 31. Ke5 Kh7 32. h4 Ra2 33. Rxc5 Rxa4 34. h5 Be2 35. Kd6 Rh4 36. Ra5 Rxh5 37. Ra2 Bb5 38. Rc2 a5 39. Ke7 a4 40. Rc3 Re5+ 41. Kf8 g5 42. Kf7 g4 43. Kf6 Rg5 44. Rc7+ Kh8 45. Rc2 g3 46. Kf7 g2 47. Rc8+ Kh7 0-1